000 00285nam a22001337a 4500
008 181102b xxu||||| |||| 00| 0 eng d
020 _a0397520824
041 _aeng
080 _a617
100 _a7
101 _aSHK
245 _aTextbook of Surgery
_cHardy, J.D
942 _2udc
_cBK
999 _c51717
_d51717